| 000 | 00974nmm a2200289 a 4500 | ||
|---|---|---|---|
| 001 | ocm000984864 | ||
| 003 | TR-IsHL | ||
| 005 | 20201028153851.0 | ||
| 008 | 150709s2013 tu tur | ||
| 007 | cr cn | ||
| 020 | _a9786055831493 | ||
| 035 |
_a984864 _b(N$T) |
||
| 050 | 0 | 4 |
_aPS2972.T187 _bM8419 2013 |
| 090 | 0 | 4 |
_aPS2972.T187 _bM8419 2013 |
| 100 | 1 | _aTarkington, Booth | |
| 245 | 1 | 0 |
_aMuhteşem Ambersonlar _h[electronic resource] / _cBooth Tarkington ; Türkçesi Esra Çıldır |
| 260 |
_aİstanbul : _bAltın Bilek Yayınları, _c2013 |
||
| 300 | _a367 p. | ||
| 500 |
_aÖzgün adı : The Magnificent Ambersont _x |
||
| 650 | 4 | _aDil ve Edebiyat | |
| 650 | 4 | _aLanguage and Literature | |
| 650 | 0 | _aAmerikan romanı | |
| 650 | 0 | _aAmerican fiction | |
| 650 | 7 |
_aLITERARY COLLECTIONS / American / General _2bisacsh |
|
| 700 | 1 | _aÇıldır, Esra | |
| 856 | 4 | 0 | _uhttp://search.ebscohost.com/login.aspx?direct=true&scope=site&db=e011xww&AN=984864 |
| 999 |
_c12276 _d12276 |
||